Area wage survey. Alaska /

Bibliographic Details
New Title:Occupational compensation survey--pay only. Alaska
Corporate Author: United States. Bureau of Labor Statistics
Format: Government Document Serial
Language:English
Published: [Washington, D.C.] : The Bureau.
Subjects:

MARC

Tag First Indicator Second Indicator Subfields
LEADER 00000cas a2200000 a 4500
001 in00000852154
005 20151019074935.0
008 881230d19uu1991dcuar s s0 0eng
010 |a  88656341   |z sn 86016872  
019 |a 08129172  |a 20667432 
035 |a (OCoLC)18955974 
035 |9 AEE5526AM 
040 |a DLC  |c DLC  |d NST  |d DLC  |d OCL  |d GPO  |d OCL  |d DLC  |d UtOrBLW 
042 |a lc 
043 |a n-us-ak 
049 |a TXAM 
050 0 0 |a HD4976.A4  |b A7 
074 |a 0768-B-02 
082 0 0 |a 331.2/9798  |2 19 
086 0 |a L 2.113/6:AL 1/ 
086 0 |a L 2.122/2: 
086 0 |a L 2.122/2:AL 1 S/ 
245 0 0 |a Area wage survey.  |p Alaska /  |c U.S. Department of Labor, Bureau of Labor Statistics. 
246 1 0 |a Alaska 
264 1 |a [Washington, D.C.] :  |b The Bureau. 
300 |a volumes ;  |c 21 x 28 cm. 
310 |a Annual 
336 |a text  |b txt  |2 rdacontent 
337 |a unmediated  |b n  |2 rdamedia 
338 |a volume  |b nc  |2 rdacarrier 
362 1 |a Ceased with July 1991 issue. 
500 |a Description based on: July 1988; title from caption. 
500 |a Previously classed: L 2.113/6:AL 1/ and L 2.122/2: 
650 0 |a Wages  |z Alaska  |x Statistics  |x Periodicals. 
650 0 |a Employee fringe benefits  |z Alaska  |x Statistics  |x Periodicals. 
710 1 |a United States.  |b Bureau of Labor Statistics. 
785 0 0 |t Occupational compensation survey--pay only. Alaska  |w (DLC) 93649111  |w (OCoLC)27604854 
948 |a t1 
999 |a MARS 
999 f f |s 0ea649ee-cc7a-33e8-be6c-53235a4b58f9  |i cffdfe82-9a09-3242-8ef7-2d1479ec73c5  |t 0 
952 f f |p normal  |a Texas A&M University  |b College Station  |c Sterling C. Evans Library  |d Evans: US Documents (Annex 5th floor)  |t 0  |e L 2.122/2: Al 1 s/  |h Superintendent of Documents classification  |i unmediated -- volume 
998 f f |a L 2.122/2: Al 1 s/  |t 0  |l Evans: US Documents (Annex 5th floor)